00600 a2200193 450000100060000002000150000604000240002110000190004524000280006424500230009230000070011536200090012244000120013165000310014394200070017495201040018195201040028599900170038970032 a8516040488 cAnchieta - Itaigara aOrthof, Sylvia10aOs bichos que tivelpor10aOs bichos que tive a740 a2004 1aModerna 4aLiteratura infanto-juvenil cBK 00104070a88.1b88.1d2023-11-21l0o028.5 ORT BICp3036/ITAr2023-11-21 20:04:52w2023-11-21yBK 00104070a88.1b88.1d2023-11-21l0o028.5 ORT BICp3037/ITAr2023-11-21 20:04:52w2023-11-21yBK c70032d70032